000 00616 a2200181 4500
999 _c8002
_d8002
010 _aENG-88302
020 _a817827163X
_c550.00
035 _aEN-71835
037 _bDBAD / PUB
082 1 4 _a323
100 _aVenkateswara Rao, Didla
245 1 _aDr. B.R. Ambedkar:
_bchampion of human rights in India/
_cby Didla Venkateswara Rao
260 _aNew Delhi
_bManak Publications
_c2006
270 _aB-7, Saraswati Complex, Subhash Chowk, Laxmi Nagar,
_bNew Delhi
_e110 092
_k22453894, 22042529
300 _axiii, 218p.
_c22 cm ( Hb)
500 _aIncludes index
942 _adpl
_cEN
_2ddc
_h323
_mVEN